000 00646nam a2200229 a 4500
001 51665
003 BD-RjUL
005 20211209075709.0
008 160901s1962 enka 001 0 eng
035 _a(BD-RjUL)51785
040 _aDLC
_cBTS
_dSER
_dBD-RjUL
_beng
041 _aeng
082 _223
_a330
_bFEP 1962
100 _aFerguson, C. E.
_9154450
245 1 0 _aPrinciples of economics /
_cC. E. Ferguson ; Juanita m. Kreps
260 _aNew York :
_bRinehart and Winston,,
_c1962.
300 _axi, 851 p. :
_bill ;
_c23 cm.
500 _aindex
650 0 _aEconomics
_9154451
700 _aKreps, Juanita m.
_9154452
942 _2ddc
_cBK
999 _c51665
_d51665